[Event "Titled Tuesday intern op 02nd Apr Late"]
[Site "Chess.com INT"]
[Date "2024.04.02"]
[Round "6"]
[White "Van der Werf, Mark"]
[Black "Martin Duque, Jesus"]
[Result "1-0"]
[WhiteElo "2401"]
[BlackElo "2336"]
[PlyCount "127"]
[EventDate "2024.04.02"]
[EventType "swiss (blitz)"]
[EventRounds "11"]
[EventCountry "USA"]
[SourceTitle "CB15_2024"]
[SourceDate "2024.04.10"]
[SourceVersion "1"]
[SourceVersionDate "2024.04.10"]
[SourceQuality "1"]

1. d4 Nf6 2. Nf3 b6 3. Bg5 Bb7 4. Bxf6 exf6 5. e3 g6 6. c4 Bg7 7. Nc3 0-0 8. g3 d6 9. Bg2 Nd7 10. 0-0 f5 11. Nh4 Qc8 12. Bxb7 Qxb7 13. Qf3 c6 14. Ng2 Rfe8 15. Nf4 a6 16. Rac1 b5 17. b3 Nf6 18. h4 h5 19. a4 b4 20. Nb1 Ne4 21. Qe2 c5 22. dxc5 dxc5 23. Nd5 Rad8 24. Kh2 f4 25. Nxf4 Qe7 26. Nd5 Qe5 27. Nd2 Nc3 28. Nxc3 bxc3 29. Nf3 Qf5 30. Rfd1 c2 31. Rxd8 Rxd8 32. Kg2 Rb8 33. e4 Qg4 34. Qxc2 Re8 35. Re1 Qc8 36. e5 Qb7 37. Qd3 Rxe5 38. Rxe5 Bxe5 39. Qd5 Qxd5 40. cxd5 Bd6 41. Nd2 Kf8 42. Nc4 Ke7 43. Kf3 f5 44. Ke3 Bb8 45. Kd3 f4 46. gxf4 Bxf4 47. Ke4 Bb8 48. Ne5 Kd6 49. Nxg6 Bc7 50. Nf4 Bd8 51. Nxh5 Bxh4 52. Ng3 Bg5 53. f4 Bf6 54. Nf5+ Kd7 55. Ne3 Kd6 56. Nc4+ Kd7 57. Kf5 Bd4 58. Kg6 Ke7 59. f5 Bc3 60. d6+ Kd7 61. f6 Ke8 62. f7+ Kf8 63. d7 Ke7 64. f8Q+ 1-0

[Event "EU-Cup 38th"]
[Site "Durres"]
[Date "2023.10.03"]
[Round "3.4"]
[White "Boraso, Alessio"]
[Black "Van der Werf, Mark"]
[Result "1/2-1/2"]
[WhiteElo "2258"]
[BlackElo "2399"]
[PlyCount "126"]
[EventDate "2023.10.01"]
[EventType "team-swiss"]
[EventRounds "7"]
[EventCountry "ALB"]
[SourceTitle "EXT 2024"]
[Source "ChessBase"]
[SourceDate "2023.10.10"]
[SourceVersion "1"]
[SourceVersionDate "2023.10.10"]
[SourceQuality "1"]
[WhiteTeam "Padova Obiettivo"]
[BlackTeam "Leiden LSG"]
[WhiteTeamCountry "ITA"]
[BlackTeamCountry "NED"]

1. e4 e5 2. Bc4 Nf6 3. d3 Bc5 4. Nc3 c6 5. Nf3 d6 6. h3 b5 7. Bb3 a5 8. a4 b4 9. Ne2 Bb6 10. Ng3 0-0 11. 0-0 Nbd7 12. c3 d5 13. Re1 Re8 14. Bg5 h6 15. Bxf6 Nxf6 16. exd5 Nxd5 17. Rxe5 Be6 18. Qd2 bxc3 19. bxc3 Bc7 20. Ree1 Bxg3 21. Bxd5 Bxf2+ 22. Qxf2 Qxd5 23. Qd4 Red8 24. Qxd5 Bxd5 25. d4 Bxf3 26. gxf3 c5 27. Rad1 cxd4 28. cxd4 Rab8 29. Re5 Rb4 30. Rxa5 Rbxd4 31. Rxd4 Rxd4 32. Kf2 g5 33. Ra6 Kg7 34. Kg3 f6 35. Ra8 h5 36. Rb8 Rxa4 37. Rb2 Kg6 38. Rc2 Ra1 39. Rb2 Rd1 40. Ra2 Kf5 41. Ra5+ Kg6 42. Ra2 Rd5 43. Rb2 Ra5 44. Rc2 Ra3 45. Rb2 h4+ 46. Kf2 Ra4 47. Rc2 Kf5 48. Rd2 Ke5 49. Re2+ Kd5 50. Rd2+ Rd4 51. Ra2 Ke5 52. Ke3 Rd1 53. Ra5+ Ke6 54. Kf2 Rd2+ 55. Kg1 Rd5 56. Ra2 Ke5 57. Kf2 Rd4 58. Ke3 Rd5 59. Rb2 Ra5 60. Rc2 Ra3+ 61. Kf2 Kd4 62. Rd2+ Rd3 63. Ra2 Ke5 1/2-1/2

[Event "Leiden Noteboom Memorial 82nd"]
[Site "Leiden"]
[Date "2023.02.25"]
[Round "3"]
[White "Van der Werf, Mark"]
[Black "Slagboom, Leandro"]
[Result "1-0"]
[WhiteElo "2392"]
[BlackElo "2191"]
[PlyCount "63"]
[EventDate "2023.02.24"]
[EventType "swiss"]
[EventRounds "6"]
[EventCountry "NED"]
[SourceTitle "CBM 212 Extra"]
[Source "ChessBase"]
[SourceDate "2023.03.31"]
[SourceVersion "1"]
[SourceVersionDate "2023.03.31"]
[SourceQuality "1"]

1. d4 d5 2. c4 e6 3. Nc3 Nf6 4. Bg5 c5 5. cxd5 cxd4 6. Qxd4 Be7 7. e4 Nc6 8. Qd2 exd5 9. Bxf6 Bxf6 10. exd5 Ne5 11. Bb5+ Bd7 12. Bxd7+ Qxd7 13. Nge2 0-0 14. 0-0 Rfd8 15. b3 Rac8 16. Rad1 Rc5 17. Qe3 b6 18. h3 Re8 19. Ne4 Rxd5 20. Rxd5 Qxd5 21. Nxf6+ gxf6 22. Nf4 Qb5 23. a4 Qc5 24. Qe4 f5 25. Qe2 Qc8 26. Nh5 Re6 27. Rd1 h6 28. Qb2 Kf8 29. Kh1 Qc6 30. Qd4 Qc5 31. Qd8+ Re8 32. Qf6 1-0

[Event "Tata Steel Qualifier 85th"]
[Site "Wijk aan Zee"]
[Date "2023.01.28"]
[Round "8"]
[White "Van der Werf, Mark"]
[Black "Pijpers, Arthur"]
[Result "0-1"]
[WhiteElo "2412"]
[BlackElo "2445"]
[PlyCount "62"]
[EventDate "2023.01.20"]
[EventType "tourn"]
[EventRounds "9"]
[EventCountry "NED"]
[EventCategory "5"]
[SourceTitle "CBM 212 Extra"]
[Source "ChessBase"]
[SourceDate "2023.03.31"]
[SourceVersion "1"]
[SourceVersionDate "2023.03.31"]
[SourceQuality "1"]

1. d4 Nf6 2. c4 g6 3. Nc3 Bg7 4. e4 d6 5. h3 0-0 6. Bg5 c5 7. d5 e6 8. Bd3 exd5 9. cxd5 b5 10. Bxb5 h6 11. Bd2 Nbd7 12. Nge2 Rb8 13. Qc2 Nh5 14. g4 Ne5 15. 0-0-0 a6 16. Ba4 Nf6 17. Nb1 Nxe4 18. Qxe4 f5 19. Qc2 fxg4 20. Ng3 Rxf2 21. Rdf1 c4 22. Rxf2 Nd3+ 23. Qxd3 Bxb2+ 24. Kc2 cxd3+ 25. Kxd3 Be5 26. Ne4 Bf5 27. Nbc3 Qa5 28. Bb3 Bxe4+ 29. Nxe4 Rxb3+ 30. axb3 Qxd5+ 31. Ke3 Qd4+ 0-1

[Event "Tata Steel Qualifier 85th"]
[Site "Wijk aan Zee"]
[Date "2023.01.27"]
[Round "7"]
[White "Van der Werf, Mark"]
[Black "De Winter, Arthur"]
[Result "1/2-1/2"]
[WhiteElo "2412"]
[BlackElo "2371"]
[PlyCount "63"]
[EventDate "2023.01.20"]
[EventType "tourn"]
[EventRounds "9"]
[EventCountry "NED"]
[EventCategory "5"]
[SourceTitle "CBM 212 Extra"]
[Source "ChessBase"]
[SourceDate "2023.03.31"]
[SourceVersion "1"]
[SourceVersionDate "2023.03.31"]
[SourceQuality "1"]

1. d4 Nf6 2. c4 g6 3. Nc3 d5 4. cxd5 Nxd5 5. e4 Nxc3 6. bxc3 Bg7 7. Qa4+ Nd7 8. Nf3 0-0 9. Qa3 c5 10. Be2 b6 11. e5 Bb7 12. h4 Rc8 13. h5 Qc7 14. h6 Bh8 15. 0-0 Bd5 16. Be3 f6 17. c4 Bf7 18. exf6 Bxf6 19. Rad1 cxd4 20. Nxd4 Ne5 21. Rc1 Qd7 22. c5 bxc5 23. Rxc5 Nc4 24. Bxc4 Bxc4 25. Rc1 Rxc5 26. Qxc5 Bxa2 27. Nc6 Bd5 28. Nxa7 Bb7 29. Qb5 Qxb5 30. Nxb5 Rc8 31. Rxc8+ Bxc8 32. f4 1/2-1/2

[Event "Tata Steel Qualifier 85th"]
[Site "Wijk aan Zee"]
[Date "2023.01.25"]
[Round "6"]
[White "Zwirs, Nico"]
[Black "Van der Werf, Mark"]
[Result "1-0"]
[WhiteElo "2467"]
[BlackElo "2412"]
[PlyCount "107"]
[EventDate "2023.01.20"]
[EventType "tourn"]
[EventRounds "9"]
[EventCountry "NED"]
[EventCategory "5"]
[SourceTitle "CBM 212 Extra"]
[Source "ChessBase"]
[SourceDate "2023.03.31"]
[SourceVersion "1"]
[SourceVersionDate "2023.03.31"]
[SourceQuality "1"]

1. Nf3 Nf6 2. c4 b6 3. d4 Bb7 4. Nc3 e6 5. a3 Ne4 6. Nxe4 Bxe4 7. Nd2 Bg6 8. g3 d5 9. Bg2 Be7 10. e4 dxc4 11. Nxc4 Nd7 12. 0-0 0-0 13. Qe2 c5 14. dxc5 Bxc5 15. Rd1 Qc7 16. b4 Be7 17. Bf4 e5 18. Bh3 Rfd8 19. Rxd7 Rxd7 20. Nxe5 Rd6 21. Nc4 Bh5 22. Qxh5 Qxc4 23. Rc1 Qd4 24. Bxd6 Bxd6 25. Rd1 Qe5 26. Qxe5 Bxe5 27. Rd7 Bb2 28. a4 a5 29. bxa5 bxa5 30. Bf1 f6 31. Bc4+ Kh8 32. Bd5 Re8 33. h4 g6 34. f4 Ba3 35. Kg2 Bb4 36. Kf3 Be1 37. Rc7 Rd8 38. Rc1 Bb4 39. g4 f5 40. gxf5 gxf5 41. Rc7 h6 42. Rf7 fxe4+ 43. Bxe4 Rf8 44. Rh7+ Kg8 45. Bg6 Bd2 46. f5 Rf6 47. Ke4 Rb6 48. Rc7 Be1 49. h5 Bg3 50. Ra7 Be1 51. Rc7 Bg3 52. Rh7 Rb4+ 53. Kd5 Rxa4 54. f6 1-0

[Event "Tata Steel Qualifier 85th"]
[Site "Wijk aan Zee"]
[Date "2023.01.23"]
[Round "4"]
[White "Pham, Khoi"]
[Black "Van der Werf, Mark"]
[Result "1/2-1/2"]
[WhiteElo "2353"]
[BlackElo "2412"]
[PlyCount "93"]
[EventDate "2023.01.20"]
[EventType "tourn"]
[EventRounds "9"]
[EventCountry "NED"]
[EventCategory "5"]
[SourceTitle "CBM 212 Extra"]
[Source "ChessBase"]
[SourceDate "2023.03.31"]
[SourceVersion "1"]
[SourceVersionDate "2023.03.31"]
[SourceQuality "1"]

1. e4 e5 2. Nf3 Nc6 3. Bb5 a6 4. Ba4 Nf6 5. 0-0 Be7 6. Re1 b5 7. Bb3 d6 8. c3 0-0 9. h3 Re8 10. d4 Bb7 11. Nbd2 Bf8 12. a4 h6 13. Bc2 exd4 14. cxd4 Nb4 15. Bb1 c5 16. d5 Nd7 17. Ra3 c4 18. Nd4 Qf6 19. N2f3 Nc5 20. b3 Nbd3 21. Bxd3 Nxd3 22. Re3 Nxc1 23. bxc4 Rac8 24. Qxc1 Rxc4 25. Qd2 b4 26. Ra2 a5 27. Rc2 Rec8 28. Rxc4 Rxc4 29. Nb3 Qd8 30. Nfd4 Qb6 31. Rf3 Be7 32. Qf4 Bf6 33. Nf5 Bxd5 34. Nxd6 Rc6 35. exd5 Rxd6 36. Qc4 Qd8 37. Rd3 Qe8 38. g3 Qxa4 39. Qc5 Be7 40. Nxa5 Rd7 41. Qc8+ Rd8 42. Qc7 Rd7 43. Qb8+ Rd8 44. Qb6 Qd7 45. Nc6 Ra8 46. Kg2 Ra3 47. Qe3 1/2-1/2

[Event "Tata Steel Qualifier 85th"]
[Site "Wijk aan Zee"]
[Date "2023.01.22"]
[Round "3"]
[White "Van der Werf, Mark"]
[Black "Van Dael, Siem"]
[Result "1/2-1/2"]
[WhiteElo "2412"]
[BlackElo "2291"]
[PlyCount "106"]
[EventDate "2023.01.20"]
[EventType "tourn"]
[EventRounds "9"]
[EventCountry "NED"]
[EventCategory "5"]
[SourceTitle "CBM 212 Extra"]
[Source "ChessBase"]
[SourceDate "2023.03.31"]
[SourceVersion "1"]
[SourceVersionDate "2023.03.31"]
[SourceQuality "1"]

1. d4 Nf6 2. c4 g6 3. Nc3 Bg7 4. e4 d6 5. Nf3 0-0 6. Be2 e5 7. Be3 Ng4 8. Bg5 f6 9. Bh4 Nc6 10. d5 Ne7 11. Nd2 f5 12. Bxg4 fxg4 13. Bg5 h6 14. Be3 c5 15. Rb1 Bd7 16. b4 b6 17. 0-0 Kh7 18. bxc5 dxc5 19. a4 Nc8 20. a5 Nd6 21. Qb3 Rb8 22. Rb2 Qc7 23. Rfb1 Rb7 24. Qa3 h5 25. Ne2 Rc8 26. Nc3 Rf8 27. Rb3 Bh6 28. Bxh6 Kxh6 29. Ne2 b5 30. cxb5 Bxb5 31. Nc3 a6 32. Nd1 Rf4 33. Qc1 Kh7 34. g3 Rf7 35. Rc3 c4 36. Qa3 Qd8 37. Ne3 Rbc7 38. Rf1 Kg8 39. Qa1 Rf8 40. Qa2 Qc8 41. Qa3 Rf6 42. Qb4 Qf8 43. Ng2 Rcf7 44. Qc5 Qd8 45. Qb6 Qf8 46. Qc5 Kh7 47. Qe3 Kg7 48. Qc5 Qd8 49. Qb6 Qf8 50. Qc5 Kg8 51. Qe3 Kg7 52. Qc5 Kg8 53. Qe3 Rf3 1/2-1/2

[Event "NED-chT 2223"]
[Site "Netherlands"]
[Date "2022.12.17"]
[Round "5.7"]
[White "Van der Werf, Mark"]
[Black "Smeets, Sjo"]
[Result "1-0"]
[WhiteElo "2413"]
[BlackElo "1954"]
[PlyCount "79"]
[EventDate "2022.09.17"]
[EventType "team-tourn"]
[EventRounds "9"]
[EventCountry "NED"]
[SourceTitle "CBM 213 Extra"]
[Source "ChessBase"]
[SourceDate "2023.05.31"]
[SourceVersion "1"]
[SourceVersionDate "2023.05.31"]
[SourceQuality "1"]
[WhiteTeam "Leiden LSG"]
[BlackTeam "De Stukkenjagers"]
[WhiteTeamCountry "NED"]
[BlackTeamCountry "NED"]

1. d4 f5 2. g3 Nf6 3. Bg2 d5 4. c4 e6 5. Qc2 Be7 6. Nh3 0-0 7. 0-0 c6 8. Nd2 Na6 9. a3 Bd7 10. Nf4 Nc7 11. Nf3 Be8 12. Bd2 Ne4 13. Ba5 b6 14. Bb4 a5 15. Bxe7 Qxe7 16. Rfd1 Rc8 17. Rac1 g5 18. Nd3 f4 19. Qb3 fxg3 20. fxg3 dxc4 21. Rxc4 g4 22. Nfe5 Qg5 23. Nf4 Nd6 24. Rcc1 Rxf4 25. gxf4 Qxf4 26. Qg3 Qxg3 27. hxg3 Nd5 28. Nxg4 h5 29. Bxd5 exd5 30. Nf6+ Kg7 31. Nxe8+ Nxe8 32. Rc3 Nd6 33. Rdc1 Nc4 34. b3 Nxa3 35. Rxc6 Re8 36. Rxb6 Rxe2 37. Rc7+ Kf8 38. Rb8+ Re8 39. Rxe8+ Kxe8 40. Rc5 1-0

[Event "NED-chT 2223"]
[Site "Netherlands"]
[Date "2022.10.08"]
[Round "2.4"]
[White "Van Foreest, Jorden"]
[Black "Van der Werf, Mark"]
[Result "1-0"]
[WhiteElo "2690"]
[BlackElo "2413"]
[PlyCount "93"]
[EventDate "2022.09.17"]
[EventType "team-tourn"]
[EventRounds "9"]
[EventCountry "NED"]
[SourceTitle "CBM 213 Extra"]
[Source "ChessBase"]
[SourceDate "2023.05.31"]
[SourceVersion "1"]
[SourceVersionDate "2023.05.31"]
[SourceQuality "1"]
[WhiteTeam "Groningen Combinatie"]
[BlackTeam "Leiden LSG"]
[WhiteTeamCountry "NED"]
[BlackTeamCountry "NED"]

1. d4 Nf6 2. Nf3 c5 3. d5 e6 4. Nc3 Nxd5 5. Nxd5 exd5 6. Qxd5 Nc6 7. e4 d6 8. Bc4 Be6 9. Qd3 Nb4 10. Qe2 Bxc4 11. Qxc4 d5 12. exd5 Qxd5 13. Qe2+ Be7 14. 0-0 Qe6 15. Qxe6 fxe6 16. c3 Nd3 17. Rb1 0-0 18. Be3 Bf6 19. Rfd1 Rfd8 20. Nd2 b5 21. Kf1 c4 22. Ke2 Rd5 23. b3 cxb3 24. axb3 Rad8 25. Ne4 R5d7 26. Nxf6+ gxf6 27. Ra1 e5 28. g3 e4 29. b4 a6 30. Rd2 Rc8 31. Bd4 Rc6 32. Ke3 Re6 33. Rda2 Rdd6 34. f4 f5 35. g4 fxg4 36. f5 Re8 37. Rxa6 Rxa6 38. Rxa6 Ne1 39. Re6 Rf8 40. Rxe4 Rxf5 41. Rxg4+ Kf7 42. Rg7+ Ke6 43. Rxh7 Kd5 44. Rc7 Nc2+ 45. Kd3 Nxd4 46. Rc5+ Kd6 47. Kxd4 1-0

[Event "NED-chT 2122"]
[Site "Netherlands"]
[Date "2022.05.21"]
[Round "5.5"]
[White "De Wit, Michel"]
[Black "Van der Werf, Mark"]
[Result "0-1"]
[WhiteElo "2191"]
[BlackElo "2393"]
[PlyCount "130"]
[EventDate "2021.09.18"]
[EventType "team-tourn"]
[EventRounds "9"]
[EventCountry "NED"]
[SourceTitle "EXT 2023"]
[Source "ChessBase"]
[SourceDate "2022.10.05"]
[SourceVersion "1"]
[SourceVersionDate "2022.10.05"]
[SourceQuality "1"]
[WhiteTeam "Charlois Europoort"]
[BlackTeam "Leiden LSG"]
[WhiteTeamCountry "NED"]
[BlackTeamCountry "NED"]

1. e4 e5 2. Nf3 Nc6 3. Bb5 a6 4. Ba4 Nf6 5. 0-0 Be7 6. Re1 b5 7. Bb3 d6 8. c3 0-0 9. h3 Re8 10. Ng5 Rf8 11. Nf3 h6 12. d4 Bb7 13. a4 Re8 14. Nbd2 Bf8 15. d5 Na5 16. Bc2 c6 17. dxc6 Bxc6 18. Qe2 Nb7 19. axb5 axb5 20. Rxa8 Qxa8 21. Bd3 Qa6 22. Nb3 Qa4 23. Qc2 Nc5 24. Nxc5 Qxc2 25. Bxc2 dxc5 26. Kf1 c4 27. Ng1 Nd7 28. Be3 Ra8 29. Nf3 Ra2 30. Bc1 b4 31. cxb4 Bxb4 32. Rd1 f6 33. Ne1 Nc5 34. f3 Bb5 35. Kg1 Bxe1 36. Rxe1 c3 37. Be3 Rxb2 38. Bxc5 Rxc2 39. Bb4 Ba4 40. Kh2 Bb5 41. h4 h5 42. Kg1 Kf7 43. Kh2 Be2 44. Kg1 Ke6 45. Ra1 Bb5 46. Rd1 f5 47. Rd6+ Kf7 48. Rd1 fxe4 49. fxe4 Bc6 50. Re1 Kf6 51. Kh2 g6 52. Re3 Ra2 53. Bxc3 Ra4 54. Rf3+ Ke6 55. Re3 Bxe4 56. Re2 Ra3 57. Be1 Bd5 58. Bg3 e4 59. Bf4 Bc6 60. Kg1 Rb3 61. Kf2 Kf5 62. Bg5 Ke5 63. Rc2 Bb5 64. Rc7 Rb2+ 65. Ke3 Re2# 0-1

[Event "NED-chT 2122"]
[Site "Netherlands"]
[Date "2022.02.05"]
[Round "6.10"]
[White "Margarido, Jose Miguel Teixeir"]
[Black "Van der Werf, Mark"]
[Result "1/2-1/2"]
[WhiteElo "2143"]
[BlackElo "2393"]
[PlyCount "90"]
[EventDate "2021.09.18"]
[EventType "team-tourn"]
[EventRounds "9"]
[EventCountry "NED"]
[SourceTitle "EXT 2023"]
[Source "ChessBase"]
[SourceDate "2022.10.05"]
[SourceVersion "1"]
[SourceVersionDate "2022.10.05"]
[SourceQuality "1"]
[WhiteTeam "Den Bosch HMC"]
[BlackTeam "Leiden LSG"]
[WhiteTeamCountry "NED"]
[BlackTeamCountry "NED"]

1. e4 e5 2. Nf3 Nc6 3. Nc3 Nf6 4. d4 exd4 5. Nxd4 Bb4 6. Nxc6 bxc6 7. Bd3 0-0 8. 0-0 d5 9. exd5 cxd5 10. h3 Re8 11. Qf3 c6 12. Bf4 Bxc3 13. bxc3 Ne4 14. c4 Qf6 15. cxd5 cxd5 16. Kh2 Bb7 17. Be3 Qxf3 18. gxf3 Nd6 19. Rfe1 Bc6 20. Bc5 Rxe1 21. Rxe1 Nc4 22. Re7 a6 23. Ra7 Rxa7 24. Bxa7 Bb5 25. Bxc4 Bxc4 26. a3 f6 27. Kg3 Kf7 28. f4 Ke6 29. h4 Be2 30. Bc5 Kf5 31. f3 h5 32. c3 Bd3 33. Be3 Bc2 34. Bc5 Bd1 35. Bf8 g6 36. Bc5 Ke6 37. Kf2 Kd7 38. Bd4 f5 39. Ke3 Kc6 40. Bf6 Kc5 41. Kd3 Bxf3 42. Be7+ Kb5 43. Kd4 Ka4 44. c4 dxc4 45. Kxc4 Bg4 1/2-1/2

[Event "Titled Tuesday intern op 18th Jan"]
[Site "Chess.com INT"]
[Date "2022.01.18"]
[Round "5"]
[White "Vovk, Orest"]
[Black "Van der Werf, Mark"]
[Result "1-0"]
[WhiteElo "2315"]
[BlackElo "2389"]
[PlyCount "33"]
[EventDate "2022.01.18"]
[EventType "swiss (blitz)"]
[EventRounds "11"]
[EventCountry "USA"]
[SourceTitle "CBM 206 Extra"]
[Source "ChessBase"]
[SourceDate "2022.03.31"]
[SourceVersion "1"]
[SourceVersionDate "2022.03.31"]
[SourceQuality "1"]

1. h4 e5 2. h5 h6 3. Nc3 Nf6 4. d4 exd4 5. Qxd4 Nc6 6. Qa4 Bc5 7. g4 d6 8. g5 hxg5 9. Bxg5 Bd7 10. Qh4 Nd4 11. 0-0-0 Nf5 12. Qf4 Rxh5 13. Bxf6 Qxf6 14. Rxh5 0-0-0 15. Bh3 g6 16. Bxf5 Bxf5 17. Rxf5 1-0

[Event "Titled Tuesday intern op 11th Jan"]
[Site "Chess.com INT"]
[Date "2022.01.11"]
[Round "4"]
[White "Sahil, Tickoo"]
[Black "Van der Werf, Mark"]
[Result "1-0"]
[WhiteElo "2201"]
[BlackElo "2389"]
[PlyCount "95"]
[EventDate "2022.01.11"]
[EventType "swiss (blitz)"]
[EventRounds "11"]
[EventCountry "USA"]
[SourceTitle "CBM 206 Extra"]
[Source "ChessBase"]
[SourceDate "2022.03.31"]
[SourceVersion "1"]
[SourceVersionDate "2022.03.31"]
[SourceQuality "1"]

1. d4 Nf6 2. Bf4 c5 3. e3 d5 4. c3 Nc6 5. Nd2 Bf5 6. Ngf3 e6 7. Nh4 Bg4 8. Qb3 Qb6 9. h3 Bh5 10. g4 Bg6 11. Nxg6 hxg6 12. Bg2 c4 13. Qc2 Qa5 14. 0-0 b5 15. a3 Qd8 16. e4 Be7 17. Rfe1 0-0 18. Bg3 a5 19. e5 Nd7 20. f4 Nb6 21. f5 gxf5 22. gxf5 exf5 23. Qxf5 Bh4 24. Re3 Bg5 25. Bf4 Bxf4 26. Qxf4 Qd7 27. Rg3 Nd8 28. Kh2 Ne6 29. Qh6 b4 30. Rg1 f5 31. exf6 Rxf6 32. Qxf6 Rf8 33. Qg6 bxc3 34. bxc3 Qd6 35. Rf1 Nd7 36. Rxf8+ Ndxf8 37. Qg4 Nh7 38. Nf3 Nf6 39. Qf5 Ne4 40. Ne5 Nxg3 41. Qf7+ Kh7 42. Qg6+ Kg8 43. Qxg3 Qxa3 44. Qg6 Qd6 45. Qf7+ Kh7 46. Qg6+ Kg8 47. Bf3 Qf8 48. Qxe6+ 1-0

[Event "Titled Tuesday intern op 11th Jan"]
[Site "Chess.com INT"]
[Date "2022.01.11"]
[Round "1"]
[White "Vokhidov, Shamsiddin"]
[Black "Van der Werf, Mark"]
[Result "1-0"]
[WhiteElo "2536"]
[BlackElo "2389"]
[PlyCount "105"]
[EventDate "2022.01.11"]
[EventType "swiss (blitz)"]
[EventRounds "11"]
[EventCountry "USA"]
[SourceTitle "CBM 206 Extra"]
[Source "ChessBase"]
[SourceDate "2022.03.31"]
[SourceVersion "1"]
[SourceVersionDate "2022.03.31"]
[SourceQuality "1"]

1. e4 e5 2. Nf3 Nc6 3. Nc3 Nf6 4. Bb5 Bd6 5. a3 Nd4 6. Bc4 c6 7. d3 Bc7 8. Bg5 Ne6 9. Bh4 0-0 10. 0-0 Nf4 11. Bg3 Ng6 12. d4 d5 13. dxe5 Nxe4 14. Nxe4 dxe4 15. Qxd8 Bxd8 16. Nd4 Bb6 17. c3 Re8 18. e6 Bxe6 19. Nxe6 fxe6 20. Rfe1 e3 21. fxe3 Rac8 22. Rad1 Bc7 23. Rd7 Bxg3 24. hxg3 Ne5 25. Rd4 c5 26. Re4 Nxc4 27. Rxc4 Red8 28. Re2 b5 29. Rf4 Rd3 30. a4 a6 31. g4 Rcd8 32. Kf2 Rd2 33. axb5 axb5 34. Re4 Kf7 35. Re5 Rxe2+ 36. Kxe2 Rd5 37. Re4 Rg5 38. Kf3 Ke7 39. b4 Rd5 40. Ke2 c4 41. Rd4 Rxd4 42. exd4 Kd6 43. Ke3 g5 44. Ke4 h6 45. g3 Kd7 46. Ke5 Ke7 47. d5 exd5 48. Kxd5 Kf6 49. Kc5 Ke5 50. Kxb5 Ke4 51. Kxc4 Kf3 52. b5 Kxg3 53. b6 1-0

[Event "Titled Tuesday intern op 30th Nov"]
[Site "Chess.com INT"]
[Date "2021.11.30"]
[Round "10"]
[White "Muromtsev, Arthur"]
[Black "Van der Werf, Mark"]
[Result "0-1"]
[WhiteElo "2095"]
[BlackElo "2387"]
[PlyCount "74"]
[EventDate "2021.11.30"]
[EventType "swiss (blitz)"]
[EventRounds "11"]
[EventCountry "USA"]
[SourceTitle "CBM 205 Extra"]
[Source "ChessBase"]
[SourceDate "2022.01.31"]
[SourceVersion "1"]
[SourceVersionDate "2022.01.31"]
[SourceQuality "1"]

1. e4 e5 2. Nc3 Nf6 3. g3 d5 4. exd5 Nxd5 5. Bg2 Nxc3 6. bxc3 Nc6 7. Nf3 Bc5 8. 0-0 0-0 9. d3 Bg4 10. Qe1 Bd6 11. Ng5 Qd7 12. Qe4 Bf5 13. Bh3 Bxe4 14. Bxd7 Bg6 15. Rb1 Nd8 16. f4 exf4 17. Bxf4 Bxf4 18. gxf4 h6 19. f5 Bxf5 20. Rxf5 hxg5 21. Rxg5 b6 22. h4 f6 23. Rg6 Kf7 24. h5 Rh8 25. Bg4 c5 26. Re1 Nc6 27. Bf3 Rac8 28. Bd5+ Kf8 29. Be6 Rc7 30. Bg4 Ne5 31. Rxe5 fxe5 32. Rg5 Re7 33. c4 Rh6 34. Rf5+ Rf6 35. Rg5 e4 36. Kg2 e3 37. Bf3 e2 0-1

[Event "Titled Tuesday intern op 16th Nov"]
[Site "Chess.com INT"]
[Date "2021.11.16"]
[Round "1"]
[White "Sadhwani, Raunak"]
[Black "Van der Werf, Mark"]
[Result "1-0"]
[WhiteElo "2609"]
[BlackElo "2387"]
[PlyCount "61"]
[EventDate "2021.11.16"]
[EventType "swiss (blitz)"]
[EventRounds "11"]
[EventCountry "USA"]
[SourceTitle "CBM 205 Extra"]
[Source "ChessBase"]
[SourceDate "2022.01.31"]
[SourceVersion "1"]
[SourceVersionDate "2022.01.31"]
[SourceQuality "1"]

1. c4 e5 2. d3 c6 3. Nf3 d6 4. Nc3 Nf6 5. g3 Be7 6. Bg2 0-0 7. 0-0 Nbd7 8. e4 a6 9. a4 a5 10. d4 exd4 11. Nxd4 Nc5 12. b3 Re8 13. Qc2 Bf8 14. Ba3 g6 15. Rad1 Qb6 16. h3 Bg7 17. Kh2 h5 18. Bb2 Nfd7 19. Nce2 h4 20. g4 Nf8 21. f4 Qc7 22. Kh1 Qb6 23. Bc3 Nfe6 24. f5 Nxd4 25. Nxd4 Bxd4 26. Bxd4 Qxb3 27. Qf2 Nxe4 28. Qxh4 Ng3+ 29. Kh2 Nxf1+ 30. Rxf1 Qxc4 31. Qh8# 1-0

[Event "Titled Tuesday intern op 16th Nov"]
[Site "Chess.com INT"]
[Date "2021.11.16"]
[Round "11"]
[White "Van der Werf, Mark"]
[Black "Tologontegin, Semetey"]
[Result "0-1"]
[WhiteElo "2387"]
[BlackElo "2381"]
[PlyCount "98"]
[EventDate "2021.11.16"]
[EventType "swiss (blitz)"]
[EventRounds "11"]
[EventCountry "USA"]
[SourceTitle "CBM 205 Extra"]
[Source "ChessBase"]
[SourceDate "2022.01.31"]
[SourceVersion "1"]
[SourceVersionDate "2022.01.31"]
[SourceQuality "1"]

1. Nf3 Nf6 2. c4 g6 3. Nc3 Bg7 4. e4 c5 5. d4 cxd4 6. Nxd4 Nc6 7. Be3 d6 8. Be2 0-0 9. 0-0 Nxd4 10. Bxd4 Be6 11. b3 a6 12. f4 Rc8 13. f5 Bd7 14. Rc1 Bc6 15. fxg6 hxg6 16. e5 dxe5 17. Bxe5 Qa5 18. Bxf6 Bxf6 19. Nd5 Bxd5 20. cxd5 Rxc1 21. Qxc1 Qxd5 22. Bc4 Qd4+ 23. Kh1 Kg7 24. a4 Rh8 25. h3 Qe4 26. Rf3 Rh5 27. Qf4 Qb1+ 28. Rf1 Qb2 29. Qf2 Qc3 30. Qf3 Qe5 31. Qxb7 a5 32. Qf3 e6 33. Qe2 Qd4 34. Qd3 Qb2 35. Qe2 Qd4 36. Qd3 Qa7 37. Qe2 Qc7 38. Qf3 Qe5 39. Qe2 Qd6 40. Qd3 Qc7 41. Qf3 Qe7 42. Qe2 Be5 43. Qf3 Bb8 44. Qc3+ Kg8 45. Qf3 Qc7 46. Kg1 Ba7+ 47. Kh1 Bb8 48. Kg1 Qh2+ 49. Kf2 Rf5 0-1